Mathematical Experiments on the Computer

Αποθηκεύτηκε σε:
Λεπτομέρειες βιβλιογραφικής εγγραφής
Κύριος συγγραφέας: Grenander, Ulf
Μορφή: Βιβλίο
Γλώσσα:English
Δημοσίευση: New York : Academic Press, 1982
Σειρά:Pure and applied mathematics (Academic Press) ; 105
Θέματα:
Ετικέτες: Προσθήκη ετικέτας
Δεν υπάρχουν, Καταχωρήστε ετικέτα πρώτοι!

MARC

LEADER 00000cam a2200000 i 4500
001 1/60641
008 941103s1982 eng d
020 |a 0123017505 
035 |l 10046295 
035 |a 1993 
040 |a GR-MY-UA  |b gre  |e aacr 
041 0 |a eng 
082 0 |a 510.724 
100 1 |a Grenander, Ulf. 
245 1 0 |a Mathematical Experiments on the Computer /  |c Ulf Grenander 
260 |a New York :   |b Academic Press,   |c 1982 
300 |a xviii, 525 p.;  |b ill.;  |c 24 cm 
490 1 |a Pure and applied mathematics (Academic Press)  |v ; 105 
504 |a Includes bibliographical references and index 
650 0 0 |a Mathematics  |x Data processing. 
830 0 |a Pure and applied mathematics (Academic Press)  |v ; 105 
852 |a INST  |b SAMOS  |e 19941103  |h 510.724 GRE  |p 005300007124  |q 005300007124  |t BK  |y 0 
909 |a Σ  |b 030730